LEADER 00995nam a2200217 i 4500 001 000000225454 003 CaOOAMICUS 005 20131205000000.0 008 131205s2013 it u000 u ita u 013 $a204356 040 $aSeMil$bita 100 1 $aRedaelli, Carlo Roberto Maria,$c.$0(OLS)http://semarc/name/18044 245 10$aChi č la Chiesa :$bLettera Pastorale 2013-2014 /$cCarlo Roberto Maria Redaelli. 260 $aGorizia :$bVoce Isontina,$c2013. 300 $a55 p. ;$c21 cm. 650 4$aRedaelli, Carlo Roberto Maria - Scritti, discorsi, omelie, lettere pastorali, etc.$0(OLS)http://semarc/subject/15938 850 $aSeMil 852 $aSeMil$W1$xVenegono$y1$m5B III 15/22$j175800$B175800$CSeMilBibl$Z2$F186262 $81 961 $aOmaggio: Delpini mons. Mario 996 $6245$aChi č la Chiesa :$bLettera Pastorale 2013-2014$9(OLS)http://semarc/title/322947 996 $6260$aGorizia :$bVoce Isontina$9(OLS)http://semarc/publisher/38093 LEADER 00909nam a2200217 i 4500 001 000000195056 003 CaOOAMICUS 005 20101130000000.0 008 101130s1979 it u000 u ita u 013 $a173717 040 $aSeMil$bita 100 1 $aPitrč, Giuseppe <1841-1916>.$0(OLS)http://semarc/name/44002 245 10$aFeste patronali in Sicilia /$cDescritte da Giuseppe Pitrč. 260 $aBologna :$bArnaldo Forni,$cstampa 1979. 300 $aLXIV, 572 p., [24] p. di tav. ;$c22 cm. 500 $aIn mezzo al front : (Con 24 illustrazioni). Volume Unico. 650 4$aGrano - Trebbiatura - Sicilia.$0(OLS)http://semarc/subject/36619 850 $aSeMil 852 $aSeMil$W1$xVenegono$y1$m3K II 336$j145625$B145625$CSeMilBibl$Z2$F157203 $81 996 $6245$aFeste patronali in Sicilia$9(OLS)http://semarc/title/281303 996 $6260$aBologna :$bArnaldo Forni$9(OLS)http://semarc/publisher/44591